| 000 | 03025nam0a2200541 4500 | ||
|---|---|---|---|
| 001 | v19\rc\2101952 | ||
| 005 | 20260621043031.0 | ||
| 035 | _a(NLR Aleph) 005278368 | ||
| 035 | _aRU\NLR\DIGIT\110338 | ||
| 035 | _a(РНБ)rc\2101952 | ||
| 090 |
_a13732346 _c13732346 |
||
| 100 | _a20090914d1815 m y0rusy50 ca | ||
| 101 | 0 | _arus | |
| 102 | _aRU | ||
| 135 | _acoco 024aaaaa | ||
| 140 | _ay у ma zzy | ||
| 200 | 1 |
_aБоярин Матвеев. _fСочинение Павла Львова, члена Императорской Российской академии и Беседы любителей рускаго слова |
|
| 210 |
_aВ Санктпетербурге _cв типографии Правительствующаго Сената _d1815 |
||
| 215 |
_a36 с. _d8° |
||
| 300 | _aЦенз.: И.О. Тимковский, 31 янв. 1815 г. | ||
| 300 | _aИмеются подстроч. примеч. | ||
| 300 | _aНа с.3 загл.: Боярин Артамон Сергеевич Матвеев | ||
| 300 | _aОпубл. также в журн.: Чтение в Беседе любителей рускаго слова. 1815. Чт. 16. С.5-38. Авт. предпологал подготовить и издать там же историч. примеч. к кн. (см. подстроч. примеч. на с.36). | ||
| 300 | _aЭл.копия создана на основе экземпляра РГБ | ||
| 316 |
_aЭкз. БАН в изд. обл. _5БАН |
||
| 316 |
_aЭкз. РНБ с авторг. авт. (дарств. надпись неустановленному лицу) _5NLR:18.7.3.170 |
||
| 321 | 1 | _aСК 1801-1825 4637 | |
| 325 | _aКопия доступна в Электрон. б-ке РНБ http://vivaldi.nlr.ru/bx000004282/view | ||
| 517 | 0 | _aБоярин Артамон Сергеевич Матвеев | |
| 620 | _dСанкт-Петербург | ||
| 700 | 1 |
_aЛьвов _bП. Ю. _f1770-1825 _gПавел Юрьевич _3RU\NLR\AUTH\770247948 |
|
| 702 | 1 |
_aТимковский _bИ. О. _f1768-1837 _gИван Осипович _3RU\NLR\AUTH\770227537 _4190 |
|
| 702 | 1 |
_aМатвеев _bА. С. _cдипломат _f1625-1682 _gАртамон Сергеевич _3RU\NLR\AUTH\7736447 _4072 |
|
| 712 | 0 | 2 |
_aСенатская типография _cПетербург _3RU\NLR\AUTH\889940127 _4610 |
| 801 | 0 |
_aRU _bNLR _c20090914 _gpsbo |
|
| 801 | 1 |
_aRU _bProSoft-M _c20090914 _2rusmarc |
|
| 801 | 2 |
_aRU _bNLR _c20120315 _2rusmarc |
|
| 852 |
_aNLR _j18.7.3.170 |
||
| 856 | 0 | _uhttp://vivaldi.nlr.ru/bx000004282/view | |
| 856 | 1 | _uhttp://vivaldi.nlr.ru/bx000004282/cover | |
| 856 | 2 | _uhttp://vivaldi.nlr.ru/bx000004282/text | |
| 942 | _cBOOK | ||
| 980 | _aCrimea | ||
| 980 | _aNB | ||
| 981 | 4 | 8 | _a(48) Крым: история в документах |
| 981 | 3 | 3 |
_a(33) Художественная литература _b(33) Отечественная литература |